Caducidad de instancia. Inconstitucionalidad de la reforma del artículo 216 de la ley 27430 (Registro nro. 22529)
[ vista simple ]
| 000 -LEADER | |
|---|---|
| fixed length control field | 00453 a2200133 4500 |
| 001 - CONTROL NUMBER | |
| control field | ART_58193 |
| 005 - DATE AND TIME OF LATEST TRANSACTION | |
| control field | 20260410161823.0 |
| 008 - FIXED-LENGTH DATA ELEMENTS--GENERAL INFORMATION | |
| fixed length control field | 260409a |
| 100 1# - MAIN ENTRY--PERSONAL NAME | |
| Personal name | Vega, Juan Manuel |
| 245 10 - TITLE STATEMENT | |
| Title | Caducidad de instancia. Inconstitucionalidad de la reforma del artículo 216 de la ley 27430 |
| 700 1# - ADDED ENTRY--PERSONAL NAME | |
| Personal name | Vega, María S. |
| 700 1# - ADDED ENTRY--PERSONAL NAME | |
| Personal name | Vega, Gerardo E. |
| 773 0# - HOST ITEM ENTRY | |
| Title | Doctrina Penal Tributaria y Económica |
| Related parts | - N° 67 (mar. 2023) |
| Record control number | REV4317 |
No hay ítems disponibles.